Score 0/20 Timer 03:00
1 Play Today
% Correct
Black & Decker
95%
John Deere
95%
Craftsman
89.9%
Honda
88.6%
Bosch
84.1%
Enviromower
72.9%
Ryobi
69.8%
Lawnflite
68.4%
Cub Cadet
65.9%
Makita
64.4%
% Correct
Earthwise
64.4%
Agri-Fab
59%
Wolf Garten
56.1%
ATCO
54.1%
Poulan
50.5%
Newton
40.2%
Alpina
40.1%
Victus
37.4%
Qualcast
36.1%
Einhell
32%

You're not logged in!

Compare scores with friends on all Sporcle quizzes.
OR
Log In

Sporcle TV

Today on Sporcle TV


Watch our educational content, quiz creation guides, and fun videos on Sporcle TV.

Show Comments

Extras

Top Quizzes Today


Score Distribution

Paid Content

Your Account Isn't Verified!

In order to create a playlist on Sporcle, you need to verify the email address you used during registration. Go to your Sporcle Settings to finish the process.

Report this User

Report this user for behavior that violates our Community Guidelines.

Details: